000 00306nam a22001097a 4500
008 230606b xxu||||| |||| 00| 0 eng d
082 _a967.676
_bEAC
245 _aEAC 10th Anniversary (1999-2009)
_bOne people.One Destiny
260 _aArusha,Tanzania
_bEast African Community
300 _a11p
942 _2ddc
_cBK
999 _c486
_d486